| 000 | 00961cgm a2200241 4500 | ||
|---|---|---|---|
| 001 | B3066 | ||
| 008 | 090401t1989 xxu||||| |||| 00| 0 eng d | ||
| 035 | _a(Sirsi) u53808 | ||
| 041 | _aeng | ||
| 050 | _a346.410434 | ||
| 100 | _aGillett, Alan | ||
| 245 | _aDilapidations No. 2 (sound recording) | ||
| 260 |
_aLondon _bRoyal Institution of Chartered Surveyors _c1989 |
||
| 300 | _a1 sound cassette (60 min.) | ||
| 350 | _a10 | ||
| 490 | _aOwlion Audio Programme | ||
| 520 | _aUPDATED BY DILAPIDATIONS 1996 (J4012)Published jointly with the College of Estate Management . This programme gives further useful and interesting guidance on law and practice for those inspecting properties and advising clients where there is obligation to repair. Also included are comments on recent decisions involving the law of dilapidations. | ||
| 650 | _aAUDIO CASSETTES | ||
| 700 | _aMelville, Ian | ||
| 700 | _aSmith, Peter | ||
| 942 | _n0 | ||
| 948 | _c04/03/1997 | ||
| 999 |
_c85274 _d85274 |
||